export_success — 
LEADER 01332cam a2200373 7i4500
001 0000028432
005 20121010090000.0
090 0 0 |a PHOT 300   |b MAL 
110 2 0 |a Malaysia External Trade Development Corporation (MATRADE) 
245 2 0 |a Malam MATRADE ( 9 December 2011 : MATRADE Hall Menara MATRADE, Kuala Lumpur). 
300 # # |a 840 photographs:   |b Col.;   |c 1 CD-RW. 
500 0 0 |a Photographs 
650 0 0 |a Abu Bakar Koyakutty  
650 0 0 |a Anugerah Perkhidmatan Cemerlang --   |y 2011  
650 0 0 |a Malam MATRADE --   |y 2011  
650 0 0 |a Halim Mohammad, Tan Sri Dato'  
650 0 0 |a Susila Devi  
650 0 0 |a MATRADE --   |x Photograph collection --   |y 2011  
650 0 0 |a Md. Zainuddin A. Jalil  
650 0 0 |a Zakaria Kamaruddin, Dato' Haji  
650 0 0 |a S. Faizah Abd Khalid  
650 0 0 |a Mustapa Mohamed, Dato' Sri  
650 0 0 |a Jamaludin Hussain  
650 0 0 |a Latiff Wan Musa, Wan  
650 0 0 |a Khairul Annuar Abd Halim  
650 0 0 |a Merlyn Kasimir, Datuk  
650 0 0 |a Islahuddin Abu Hassan  
650 0 0 |a Ong Yew Chee  
650 0 0 |a Zulkepli Mohd Perai  
650 0 0 |a Noraini Mohd Nor  
650 0 0 |a Noharuddin Nordin, Dato'  
650 0 0 |a Wong Lai Sum  
999 |a PC00000808  |b Photographs  |c Photographs  |e Business Information Centre 
999 |a PC00000807  |b Photographs  |c Photographs  |e Business Information Centre